La divina commedia

Guardat en:
Dades bibliogràfiques
Autor principal: Alighieri, Dante (autore)
Format: Llibre
Idioma:italià
Publicat: Bolonia Nicola Zanichelli 1949
Edició:1a. ed
Matèries:
Etiquetes: Afegir etiqueta
Sense etiquetes, Sigues el primer a etiquetar aquest registre!

MARC

LEADER 00000cam a2200000 a 4500
001 UCF1079
003 CL-VaPUC
005 20230123115026.0
008 120621e19490000IT |||||||||||||||||ita|d
999 |c 348053  |d 348051 
040 |c Pontificia Universidad Católica de Valparaíso 
082 0 4 |a 851  |b ALI  |2 21 
100 |a Alighieri, Dante  |e autore  |9 880061 
245 1 3 |a La divina commedia 
250 |a 1a. ed 
260 |a Bolonia  |b Nicola Zanichelli  |c 1949 
300 |a 670 p 
583 |a last modification  |c 20120621 10:53:00  |k Rodrigo Vera 
650 0 |a Poesías italianas  |9 265352 
650 0 |a Literatura italiana  |9 266970 
942 |c BK  |2 ddc 
945 |d 20120621 00:00:00  |a cmena 
952 |0 0  |1 0  |4 0  |6 851_000000000000000_ALI_1949  |7 0  |8 A  |9 449917  |a BIBART  |b BIBART  |d 2019-11-22  |i 4811402  |o 851 ALI 1949  |p 4811402  |r 2025-03-13  |w 2019-11-22  |y BK  |k ART